[Event "Arvier Spring op"]
[Site "Arvier"]
[Date "2018.04.23"]
[Round "4"]
[White "Ljubisavljevic, Zivojin Z"]
[Black "Martorelli, Antonio"]
[Result "0-1"]
[WhiteElo "2090"]
[BlackElo "2188"]
[PlyCount "72"]
[EventDate "2018.04.21"]
[EventType "swiss"]
[EventRounds "7"]
[EventCountry "ITA"]
[SourceTitle "CBM 184 Extra"]
[Source "ChessBase"]
[SourceDate "2018.06.28"]
[SourceVersion "1"]
[SourceVersionDate "2018.06.28"]
[SourceQuality "1"]

1. e4 c5 2. f4 e6 3. Nf3 Nc6 4. Bb5 Nd4 5. Nxd4 cxd4 6. 0-0 Qb6 7. Bd3 Ne7 8. Kh1 Nc6 9. Na3 d5 10. e5 Be7 11. c3 Bd7 12. Nb5 Nxe5 13. fxe5 Bxb5 14. Qe2 Bxd3 15. Qxd3 0-0 16. Qxd4 Qxd4 17. cxd4 Rac8 18. d3 Rc2 19. b3 Rfc8 20. a4 R8c3 21. Rd1 Rxb3 22. Be3 Rbb2 23. Rab1 Rxg2 24. Rxb2 Rxb2 25. Rc1 h6 26. Rc8+ Kh7 27. Rc7 Bh4 28. Rxf7 Kg6 29. Rd7 Rb3 30. a5 a6 31. Kg2 Rxd3 32. Bg1 Rb3 33. Rd6 Kf5 34. Rd7 g6 35. Rf7+ Kg4 36. Rg7 Rb2+ 0-1

[Event "Arvier Spring op"]
[Site "Arvier"]
[Date "2018.04.23"]
[Round "3"]
[White "Martorelli, Antonio"]
[Black "Pirverdiyev, Agil"]
[Result "0-1"]
[WhiteElo "2188"]
[BlackElo "2290"]
[PlyCount "102"]
[EventDate "2018.04.21"]
[EventType "swiss"]
[EventRounds "7"]
[EventCountry "ITA"]
[SourceTitle "CBM 184 Extra"]
[Source "ChessBase"]
[SourceDate "2018.06.28"]
[SourceVersion "1"]
[SourceVersionDate "2018.06.28"]
[SourceQuality "1"]

1. e4 c5 2. c3 d5 3. exd5 Qxd5 4. d4 Nf6 5. Nf3 e6 6. Na3 Be7 7. Bg5 0-0 8. Nb5 Na6 9. dxc5 Qe4+ 10. Be2 Rd8 11. Qb1 Qg4 12. h3 Qh5 13. g4 Qg6 14. Qxg6 hxg6 15. b4 Bd7 16. Ne5 Be8 17. a4 Kf8 18. Bf3 Nd5 19. Bxe7+ Kxe7 20. Nd6 Kf6 21. Nd3 Bc6 22. Ne4+ Ke7 23. Ne5 f6 24. Nxc6+ bxc6 25. 0-0 Nf4 26. Nd6 Nxh3+ 27. Kh2 Nf4 28. Bxc6 Rab8 29. Bb7 Nc7 30. Rfe1 Rh8+ 31. Kg3 e5 32. Bg2 Ncd5 33. Rh1 Nxc3 34. Rxh8 Rxh8 35. Nb5 Nce2+ 36. Kf3 a6 37. Nc7 Nd4+ 38. Ke4 Nxg2 39. b5 Nb3 40. Ra3 Nxc5+ 41. Kd5 Kd7 42. b6 Nb7 43. Nxa6 Nf4+ 44. Ke4 Nd6+ 45. Ke3 Nc4+ 46. Ke4 Nxa3 47. b7 Nc4 48. b8Q Rxb8 49. Nxb8+ Kd6 50. Na6 Ne6 51. Nb4 Nc5+ 0-1